Städte und Gemeinden im Landkreis Osnabrück mit Karte - Statistiken

Allgemein
  • Dieses Quiz wurde 512 mal gespielt
  • Das Durchschnittsergebnis liegt bei 16 aus 34
Antworten auf der Karte
Die Antworten werden auf der Karte rot bzw. grün angezeigt, abhängig davon wie oft sie richtig erraten wurden.
 
Antwortstatistiken
Stadt oder Gemeinde % Korrekt
Melle
85%
Bramsche
76%
Georgsmarienhütte
73%
Bad Iburg
70%
Wallenhorst
62%
Bad Essen
61%
Belm
60%
Bersenbrück
60%
Bad Rothenfelde
59%
Bissendorf
59%
Hagen
59%
Bad Laer
58%
Quakenbrück
58%
Hilter
55%
Bohmte
54%
Hasbergen
54%
Glandorf
51%
Dissen
50%
Ankum
49%
Fürstenau
47%
Ostercappeln
46%
Neuenkirchen
42%
Rieste
36%
Alfhausen
34%
Merzen
33%
Berge
29%
Bippen
27%
Voltlage
26%
Badbergen
23%
Gehrde
23%
Eggermühlen
22%
Kettenkamp
21%
Nortrup
21%
Menslage
20%
Keine übereinstimmenden Quizze gefunden
Verteilung der Resultate
Anzahl Personen mit jedem Resultat
Perzentil nach korrekt beantworteten Fragen
Ihre Resultats-Entwicklung
Sie haben dieses Quiz noch nicht gespielt